000
00281nam a2200133Ia 4500
100
_a
Dadhe/ Jamdar
942
_c
BK
654
_a
Applied Mechanics
245
_a
Applied Mechanics
260
_b
Sarita Prakashan
_a
Poona
_c
1982
300
_a
564
546
_a
ENGLISH
999
_c
19293
_d
19293